000 00620nam a2200181 i 4500
001 bg
100 1 _aWEISS, Lech J.
245 0 _aElementy i układy elektroniczne.
_nCz.1 /
_cL.J. Weiss ; Akademia Twechniczno-Rolnicza im. Jana i Jędrzeja Śniadeckich w Bydgoszczy.
260 _aBydgoszcz,
_c1976
_aWydaw. Uczelniane ATR.
650 9 _aUkłady elektroniczne
655 _aPodręczniki akademickie
710 _aAkademia Techniczno-Rolnicza im. Jana i Jędrzeja Śniadeckich (Bydgoszcz)
040 _cBPK
041 _apol
080 _a621.38(075.8)
942 _cKS
008 s pl f |000 0 pol
999 _c47140
_d47140
856 _uhttp://koha.tu.koszalin.pl/cgi-bin/koha/opac-detail.pl?biblionumber=47140
_yKatalog online BPK